Statistiques concernant Pays champion du monde de : Badminton (Double)

Cliquez ici pour prendre le quiz!

Statistiques générales

  • Ce quiz a été pris 67 fois
  • Le résultat moyen est 6 sur 9

Statistiques - réponses

Médaille d'orHommesFemmesMixtePays% Correct
4082210Chine
100%
413Japon
95%
15105Indonésie
84%
10415Corée du Sud
83%
11Malaisie
69%
11Thaïlande
69%
5,523,5Danemark
61%
2,511,5Angleterre
36%
11Suède
31%

Distribution des résultats

Percentile par nombre de réponses

% des personnes avec chaque résultat

Votre développement - résultats

Vous n’avez pas pris ce quiz